000 00917nam a2200253Ia 4500
003 OSt
005 20220923211157.0
006 a|||||r|||| 00| 0
007 ta
008 Pun
020 _a8187762667 (hbk)
_c1180
024 _a271,480
037 _b663, 03/06/2013, H.K. Prakashan
_cTextual
040 _aARTS
_cARTS
_bPun
041 _2Pun
_aPun
082 _aO153,3N17:g, Q3
100 _aਸਿੰਘ, ਤ੍ਰਿਲੋਚਨ
_9156272
245 0 _aਕਰਤਾਰ ਸਿੰਘ ਦੁੱਗਲ ਦੀਆਂ ਕਹਾਣੀਆਂ ਦਾ ਬਿਜਤਾਂਤ Fਾਸਤਰੀ ਅਧਿਔਨ
260 _aਦਿੱਲੀ
_b ਐੱਚ ਕੇ ਪ੍ਰਕਾFਨ
_c2013
300 _a392ਪੰ
_ccm.
650 _aਪੰਜਾਬੀ ਸਾਹਿਤ
942 _hO153,3N17:g, Q3
_cTEXL
_2CC
999 _c296372
_d296372